Представление документа в формате RUSMARC

ПолеНазваниеЗначение
  Тип записи i
  Библиографический уровень m
001 Контрольный номер RU/IS/BASE/357401117
005 Дата корректировки 20260522144551.6
010 Индекс ISBN __
d Цена 201-96
101 Язык документа 0_
a Язык текста rus
c Язык оригинала rus
200 Заглавие и сведения об ответственности 1_
a Заглавие Олеся
e Сведения, относящиеся к заглавию [аудиоспектакль]
f Первые сведения об ответственности А. И. Куприн ; читают: нар. артист СССР М. Ульянов [и др.] ; композитор и исполн. музыки: Андрей Мороз
b Общее обозначение материала Звукозапись
210 Выходные данные 1_
a Место издания М.
c Издательство Равновесие
d Дата издания 2010
215 Физическое описание __
a Объем 1 электрон. опт. диск (Audio CD) (3 ч. 14 мин.)
225 Серия 2_
a Серия Русская классика
300 Общие примечания __
a Общие примечания MP3 ; Pentuim-II ; память 256 МБ ОЗУ ; дисковод CD/DVD-ROM ; Windows 2000/XP/Vista/7 ; звуковая карта ; колонки ; аудиосистемы с поддержкой MP3. - Техн. поддержка: support@ravnovesie.com
323 Примечание о главных создателях, исполнителях, участниках __
a Примечание о главных создателях, исполнителях, участниках Ульянов, М. (читает)
a Примечание о главных создателях, исполнителях, участниках Селютина, М. (читает)
a Примечание о главных создателях, исполнителях, участниках Клановский, С. (читает)
a Примечание о главных создателях, исполнителях, участниках Крыченков, А. (читает)
a Примечание о главных создателях, исполнителях, участниках Баженова, Е. (читает)
a Примечание о главных создателях, исполнителях, участниках Бауэр, М. (читает)
a Примечание о главных создателях, исполнителях, участниках Мороз, А. (исполнитель музыки)
330 Аннотация __
a Аннотация Аудиоспектакль по романтической повести Александра Куприна "Олеся" рассказывает о нежной и великодушной любви полесской "колдуньи" к городскому барчуку, очарованному ее красотой и необыкновенными душевными качествами.
606 Тематические рубрики __
a Основная рубрика Музыка и зрелищные искусства
606 Тематические рубрики __
a Основная рубрика Художественное радиовещание
610 Ключевые слова 0_
a Ключевые слова классическая литература; тема народа; тема любви; повести; радиоспектакли; аудиопостановки; тема природы; тема красоты; тема молодости
686 Индексы других классификаций __
a Классификационный индекс 85.38я04; ст85.38я0
700 Автор _1
a Фамилия Куприн
b Имя А. И.
g Полное личное имя Александр Иванович
4 Код отношения 070
702 Вторичная интеллектуальная ответственность _1
a Фамилия Мороз
b Имя А.
4 Код отношения Композитор
g Полное личное имя Андрей
801 Источник записи _0
a Страна RU
b Организация Муниципальное бюджетное учреждение культуры "Централизованная библиотечная система" г. Сургут (Центральная городская библиотека им. А. С. Пушкина)
g Правила каталогизации КиК/Поспелова
801 Источник записи _1
a Страна RU
b Организация Муниципальное бюджетное учреждение культуры "Централизованная библиотечная система" г. Сургут (Центральная городская библиотека им. А. С. Пушкина)
g Правила каталогизации КиК/Поспелова
852 Данные о местонахождении __
j Шифр хранения 85.38я04
i Авторский знак К 92
901 Тип документа __
t Тип документа 0
903 Характеристики (МАРС) __
a Дата передачи 20110429
969 Тип издания __
a Тип издания аудиоспектакль
990 Данные о заказе (DOS) __
j Количество экземпляров (DOS) 5
h N записи в КСУ для Б/У (DOS) 201106